| 000 | 01792nam0a22003371 4500 | ||
|---|---|---|---|
| 001 | v19\rc\1875936 | ||
| 005 | 20251118180501.3 | ||
| 035 | _a(NLR Aleph) 004988385 | ||
| 090 |
_a6259270 _c6259270 |
||
| 100 | _a20080221d1910 u y0rusy50 ca | ||
| 101 | 0 | _arus | |
| 102 | _aRU | ||
| 105 | _ay z |||c| | ||
| 200 | 1 |
_aОколо волости _e[Очерки] _fСергей Хатунский |
|
| 210 |
_aМосква _cтип. "Печ. дело" _d1910 |
||
| 215 |
_a[4], 194 с. _d22 |
||
| 300 | _aАвт. установлен по изд.: Указ. загл. произведений худож. лит., 1801-1975. М., 1990. Т. 4. С. 234 | ||
| 327 | 1 | _aСодерж.: Поддержим; История одной волости; Пьяная совесть; Поездка в волость; Лихоимство; Совещание; Деревенский случай; Укрепися; В деревенском трактире; Тук! Тук! Тук!; Гаврила Пень; Две школы | |
| 464 | 0 |
_12001#$aПоддержим$aИстория одной волости$aПьяная совесть$aПоездка в волость$aЛихоимство$aСовещание$aДеревенский случай$aУкрепися$aВ деревенском трактире$aТук! Тук! Тук!$aГаврила Пень$aДве школы _tДве школы |
|
| 700 | 1 |
_aКурнин _bС.В. _gСергей Васильевич |
|
| 790 | 1 |
_aХатунский _bС. _gСергей |
|
| 801 | 0 |
_aRU _bNLR _gpsbo |
|
| 801 | 0 |
_aRU _bRuMoRGB _2psbo |
|
| 801 | 1 |
_aRU _bProSoft-M _2rusmarc |
|
| 852 |
_aNLR _j38.78.6.136 |
||
| 852 |
_aNLR _j131/2676 |
||
| 899 |
_aRuMoRGB _jU 56/133 |
||
| 899 |
_aRuMoRGB _jU 235/250 |
||
| 899 | _aБАН | ||
| 942 | _cBOOK | ||
| 980 | _aNB | ||